[Event "448. Wednesday (05.08.2020)"]
[Site "Official B"]
[Date "2020.08.05"]
[Round "9"]
[White "klausen"]
[Black "Jhhonnyy"]
[Result "1-0"]
[WhiteElo "1991"]
[BlackElo "2134"]
[PlyCount "83"]
[EventDate "2020.08.05"]
[EventType "swiss (blitz)"]

1. Nf3 {[%emt 0:00:04]} Nf6 {[%emt 0:00:28]} 2. d4 {[%emt 0:00:02]} g6 {[%emt 0:00:01]} 3. c4 {[%emt 0:00:02]} Bg7 {[%emt 0:00:01]} 4. Nc3 {[%emt 0:00:02]} d5 {[%emt 0:00:01]} 5. cxd5 {[%emt 0:00:02]} Nxd5 {[%emt 0:00:03]} 6. e4 {[%emt 0:00:01]} Nxc3 {[%emt 0:00:01]} 7. bxc3 {[%emt 0:00:01]} c5 {[%emt 0:00:03]} 8. Rb1 {[%emt 0:00:02]} O-O {[%emt 0:00:45]} 9. Be2 {[%emt 0:00:08]} cxd4 {[%emt 0:00:07]} 10. cxd4 {[%emt 0:00:03]} Qa5+ {[%emt 0:00:00]} 11. Qd2 {[%emt 0:00:02]} Qxd2+ {[%emt 0:00:03]} 12. Bxd2 {[%emt 0:00:01]} b6 {[%emt 0:00:01]} 13. O-O {[%emt 0:00:05]} Bb7 {[%emt 0:00:08]} 14. d5 {[%emt 0:00:01]} Ba6 {[%emt 0:00:07]} 15. Bb5 {[%emt 0:00:11]} Bxb5 {[%emt 0:00:18]} 16. Rxb5 {[%emt 0:00:03]} Na6 {[%emt 0:00:01]} 17. a4 {[%emt 0:00:18]} Nc5 {[%emt 0:00:04]} 18. Bb4 {[%emt 0:00:23]} Nxe4 {[%emt 0:00:24]} 19. Bxe7 {[%emt 0:00:02]} Rfe8 {[%emt 0:00:01]} 20. d6 {[%emt 0:00:05]} Nc5 {[%emt 0:00:07]} 21. Rd1 {[%emt 0:00:35]} Bf8 {[%emt 0:00:05]} 22. Bxf8 {[%emt 0:00:37]} Rxf8 {[%emt 0:00:01]} 23. Ne5 {[%emt 0:00:10]} Rac8 {[%emt 0:00:14]} 24. a5 {[%emt 0:00:15]} f6 {[%emt 0:00:03]} 25. axb6 {[%emt 0:00:29]} axb6 {[%emt 0:00:13]} 26. Nc4 {[%emt 0:00:16]} Na4 {[%emt 0:00:35]} 27. Nxb6 {[%emt 0:00:03]} Rb8 {[%emt 0:00:02]} 28. Nd7 {[%emt 0:00:18]} Rxb5 {[%emt 0:00:46]} 29. Nxf8 {[%emt 0:00:01]} Kxf8 {[%emt 0:00:07]} 30. d7 {[%emt 0:00:01]} Rb8 {[%emt 0:00:00]} 31. d8=Q+ {[%emt 0:00:01]} Rxd8 {[%emt 0:00:00]} 32. Rxd8+ {[%emt 0:00:02]} Kg7 {[%emt 0:00:00]} 33. Rd7+ {[%emt 0:00:02]} Kh6 {[%emt 0:00:01]} 34. h4 {[%emt 0:00:01]} Nc5 {[%emt 0:00:01]} 35. Re7 {[%emt 0:00:02]} f5 {[%emt 0:00:02]} 36. Kh2 {[%emt 0:00:02]} Ne4 {[%emt 0:00:00]} 37. f3 {[%emt 0:00:02]} Nf6 {[%emt 0:00:00]} 38. Kh3 {[%emt 0:00:01]} Ng8 {[%emt 0:00:01]} 39. Rc7 {[%emt 0:00:03]} Nf6 {[%emt 0:00:00]} 40. g4 {[%emt 0:00:01]} fxg4+ {[%emt 0:00:00]} 41. fxg4 {[%emt 0:00:01]} Ne8 {[%emt 0:00:00]} 42. g5+ {[%emt 0:00:02] Jhhonnyy gibt auf (Lag: Av=0.30s, max=1.5s)} 1-0

[Event "448. Wednesday (05.08.2020)"]
[Site "Official B"]
[Date "2020.08.05"]
[Round "9"]
[White "Károly Lajosné"]
[Black "Königsinder"]
[Result "1-0"]
[WhiteElo "1932"]
[BlackElo "1694"]
[PlyCount "125"]
[EventDate "2020.08.05"]
[EventType "swiss (blitz)"]
[BlackTeam "SF Barsinghausen"]
[TimeControl "300"]

{- Serreck, Uwe (1889)} 1. d4 {[%emt 0:01:37]} g6 {[%emt 0:00:03]} 2. Nf3 {[%emt 0:00:02]} Bg7 {[%emt 0:00:01]} 3. Bf4 {[%emt 0:00:04]} d6 {[%emt 0:00:01]} 4. e3 {[%emt 0:00:01]} Nf6 {[%emt 0:00:02]} 5. h3 {[%emt 0:00:01]} O-O {[%emt 0:00:02]} 6. Bh2 {[%emt 0:00:01]} Nbd7 {[%emt 0:00:02]} 7. Be2 {[%emt 0:00:01]} b6 {[%emt 0:00:05]} 8. O-O {[%emt 0:00:01]} Ne4 {[%emt 0:00:04]} 9. Nbd2 {[%emt 0:00:02]} Bb7 {[%emt 0:00:02]} 10. c3 {[%emt 0:00:01]} e5 {[%emt 0:00:04]} 11. Qb1 {[%emt 0:00:03]} f5 {[%emt 0:00:14]} 12. Rd1 {[%emt 0:00:02]} Nxd2 {[%emt 0:00:13]} 13. Nxd2 {[%emt 0:00:06]} Qg5 {[%emt 0:00:35]} 14. Bf3 {[%emt 0:00:04]} e4 {[%emt 0:00:03]} 15. Be2 {[%emt 0:00:01]} h5 {[%emt 0:00:07]} 16. a4 {[%emt 0:00:02]} h4 {[%emt 0:00:04]} 17. a5 {[%emt 0:00:02]} Nf6 {[%emt 0:00:11]} 18. Bf4 {[%emt 0:00:02]} Qxf4 {[%emt 0:00:21]} 19. exf4 {[%emt 0:00:02]} Nd5 {[%emt 0:00:03]} 20. Bc4 {[%emt 0:00:02]} Kh7 {[%emt 0:00:03]} 21. Bxd5 {[%emt 0:00:02]} Bxd5 {[%emt 0:00:02]} 22. Re1 {[%emt 0:00:01]} b5 {[%emt 0:00:03]} 23. Nf1 {[%emt 0:00:02]} a6 {[%emt 0:00:08]} 24. Ne3 {[%emt 0:00:03]} Bf7 {[%emt 0:00:05]} 25. Qc2 {[%emt 0:00:03]} Rfc8 {[%emt 0:00:04]} 26. c4 {[%emt 0:00:03]} b4 {[%emt 0:00:05]} 27. d5 {[%emt 0:00:07]} Rab8 {[%emt 0:00:10]} 28. Qb3 {[%emt 0:00:02]} c5 {[%emt 0:00:07]} 29. dxc6 {[%emt 0:00:05]} Rxc6 {[%emt 0:00:01]} 30. Red1 {[%emt 0:00:02]} Rb5 {[%emt 0:00:09]} 31. Ra4 {[%emt 0:00:05]} Rbc5 {[%emt 0:00:06]} 32. Qxb4 {[%emt 0:00:11]} Bxc4 {[%emt 0:00:07]} 33. Qb8 {[%emt 0:00:18]} Bb5 {[%emt 0:00:10]} 34. Ra2 {[%emt 0:00:07]} Rc1 {[%emt 0:00:06]} 35. Qd8 {[%emt 0:00:14]} Rxd1+ {[%emt 0:00:03]} 36. Nxd1 {[%emt 0:00:03]} Rc1 {[%emt 0:00:07]} 37. Qxh4+ {[%emt 0:00:10]} Bh6 {[%emt 0:00:04]} 38. Qe7+ {[%emt 0:00:02]} Bg7 {[%emt 0:00:01]} 39. Qxd6 {[%emt 0:00:01]} Be2 {[%emt 0:00:02]} 40. Kh2 {[%emt 0:00:09]} Rxd1 {[%emt 0:00:02]} 41. Qb6 {[%emt 0:00:03]} Bh6 {[%emt 0:00:09]} 42. g3 {[%emt 0:00:02]} Bf3 {[%emt 0:00:02]} 43. Qc7+ {[%emt 0:00:10]} Bg7 {[%emt 0:00:02]} 44. g4 {[%emt 0:00:01]} Rh1+ {[%emt 0:00:12]} 45. Kg3 {[%emt 0:00:01]} fxg4 {[%emt 0:00:01]} 46. hxg4 {[%emt 0:00:01]} Rg1+ {[%emt 0:00:01]} 47. Kh4 {[%emt 0:00:01]} Kh6 {[%emt 0:00:07]} 48. g5+ {[%emt 0:00:06]} Kh7 {[%emt 0:00:03]} 49. f5 {[%emt 0:00:01]} Rh1+ {[%emt 0:00:02]} 50. Kg3 {[%emt 0:00:01]} Rg1+ {[%emt 0:00:03]} 51. Kf4 {[%emt 0:00:01]} Rg4+ {[%emt 0:00:01]} 52. Ke3 {[%emt 0:00:01]} gxf5 {[%emt 0:00:02]} 53. g6+ {[%emt 0:00:02]} Rxg6 {[%emt 0:00:01]} 54. Qh2+ {[%emt 0:00:02]} Bh6+ {[%emt 0:00:01]} 55. Kd4 {[%emt 0:00:02]} Rd6+ {[%emt 0:00:01]} 56. Ke5 {[%emt 0:00:01]} Rc6 {[%emt 0:00:02]} 57. Kxf5 {[%emt 0:00:01]} Rc5+ {[%emt 0:00:01]} 58. Ke6 {[%emt 0:00:01]} Rc6+ {[%emt 0:00:01]} 59. Kd7 {[%emt 0:00:01]} Rc2 {[%emt 0:00:02]} 60. Ra3 {[%emt 0:00:01]} Rd2+ {[%emt 0:00:01]} 61. Kc7 {[%emt 0:00:03]} Rc2+ {[%emt 0:00:01]} 62. Kb6 {[%emt 0:00:01]} Rc4 {[%emt 0:00:02]} 63. Qc7+ {[%emt 0:00:01] Zeit (Lag: Av=0.54s, max=0.8s)} 1-0

[Event "448. Wednesday (05.08.2020)"]
[Site "Official B"]
[Date "2020.08.05"]
[Round "9"]
[White "Smart-arse"]
[Black "LangesNasenhaar"]
[Result "1-0"]
[WhiteElo "1899"]
[BlackElo "2192"]
[PlyCount "57"]
[EventDate "2020.08.05"]
[EventType "swiss (blitz)"]

1. e4 {[%emt 0:00:02]} d6 {[%emt 0:00:01]} 2. d4 {[%emt 0:00:02]} Nf6 {[%emt 0:00:01]} 3. f3 {[%emt 0:00:01]} c5 {[%emt 0:00:02]} 4. dxc5 {[%emt 0:00:01]} Qa5+ {[%emt 0:00:02]} 5. Nc3 {[%emt 0:00:01]} Qxc5 {[%emt 0:00:01]} 6. Qe2 {[%emt 0:00:00]} a6 {[%emt 0:00:02]} 7. Be3 {[%emt 0:00:02]} Qc7 {[%emt 0:00:01]} 8. O-O-O {[%emt 0:00:06]} e6 {[%emt 0:00:01]} 9. g4 {[%emt 0:00:06]} Be7 {[%emt 0:00:07]} 10. g5 {[%emt 0:00:17]} Nfd7 {[%emt 0:00:01]} 11. f4 {[%emt 0:00:07]} Nc6 {[%emt 0:00:02]} 12. Nf3 {[%emt 0:00:04]} b5 {[%emt 0:00:02]} 13. Nd4 {[%emt 0:01:25]} Bb7 {[%emt 0:00:05]} 14. f5 {[%emt 0:00:07]} Nxd4 {[%emt 0:00:10]} 15. Bxd4 {[%emt 0:00:03]} Bxg5+ {[%emt 0:00:05]} 16. Kb1 {[%emt 0:00:01]} e5 {[%emt 0:00:01]} 17. Be3 {[%emt 0:00:09]} Bf6 {[%emt 0:00:06]} 18. Qd2 {[%emt 0:00:09]} Nb6 {[%emt 0:00:11]} 19. Bxb5+ {[%emt 0:00:02]} axb5 {[%emt 0:00:11]} 20. Nxb5 {[%emt 0:00:00]} Qc6 {[%emt 0:00:12]} 21. Nxd6+ {[%emt 0:00:01]} Kf8 {[%emt 0:00:04]} 22. Nxb7 {[%emt 0:00:01]} Qxb7 {[%emt 0:00:24]} 23. Qd6+ {[%emt 0:00:03]} Kg8 {[%emt 0:00:51]} 24. Qxb6 {[%emt 0:00:02]} Qxe4 {[%emt 0:00:01]} 25. Rhg1 {[%emt 0:00:10]} Qxf5 {[%emt 0:01:06]} 26. Rdf1 {[%emt 0:00:03]} Qe6 {[%emt 0:00:01]} 27. Qxe6 {[%emt 0:00:04]} fxe6 {[%emt 0:00:01]} 28. Rxf6 {[%emt 0:00:01]} Re8 {[%emt 0:00:00]} 29. Bh6 {[%emt 0:00:04] LangesNasenhaar gibt auf (Lag: Av=0.86s, max=1.2s)} 1-0

[Event "448. Wednesday (05.08.2020)"]
[Site "Official B"]
[Date "2020.08.05"]
[Round "9"]
[White "Tvtower68"]
[Black "Alex29"]
[Result "0-1"]
[WhiteElo "1861"]
[BlackElo "1791"]
[Annotator "NA"]
[PlyCount "116"]
[EventDate "2020.08.05"]
[EventType "swiss (blitz)"]

1. e4 {[%emt 0:00:03]} e5 {[%emt 0:00:02]} 2. Nf3 {[%emt 0:00:01]} Nc6 {[%emt 0:00:02]} 3. d4 {[%emt 0:00:01]} exd4 {[%emt 0:00:01]} 4. Nxd4 {[%emt 0:00:01]} Bc5 {[%emt 0:00:02]} 5. c3 {[%emt 0:00:01]} Qf6 {[%emt 0:00:01]} 6. Be3 {[%emt 0:00:07]} Nge7 {[%emt 0:00:04]} 7. Bd3 {[%emt 0:00:07]} Ne5 {[%emt 0:00:02]} 8. Bc2 {[%emt 0:00:06]} d6 {[%emt 0:00:01]} 9. O-O {[%emt 0:00:12]} O-O {[%emt 0:00:03]} 10. Nd2 {[%emt 0:00:07]} Ng4 {[%emt 0:00:02]} 11. Nc4 {[%emt 0:00:12]} Ng6 {[%emt 0:00:05]} 12. Nf5 {[%emt 0:00:21]} Nxe3 {[%emt 0:00:04]} 13. Ncxe3 {[%emt 0:00:11]} Nf4 {[%emt 0:00:09]} 14. Qf3 {[%emt 0:00:12]} Qg5 {[%emt 0:00:03]} 15. Ng3 {[%emt 0:00:16]} g6 {[%emt 0:00:05]} 16. a4 {[%emt 0:00:08]} a5 {[%emt 0:00:01]} 17. Rfd1 {[%emt 0:00:17]} Be6 {[%emt 0:00:02]} 18. b3 {[%emt 0:00:16]} h5 {[%emt 0:00:01]} 19. Ne2 {[%emt 0:00:07]} Nxe2+ {[%emt 0:00:07]} 20. Qxe2 {[%emt 0:00:01]} Bh3 {[%emt 0:00:05]} 21. Qf3 {[%emt 0:00:13]} Bxe3 {[%emt 0:00:03]} 22. Qxh3 {[%emt 0:00:05]} Bb6 {[%emt 0:00:05]} 23. Rd5 {[%emt 0:00:06]} Qf6 {[%emt 0:00:03]} 24. Rf1 {[%emt 0:00:11]} Rae8 {[%emt 0:00:02]} 25. Qg3 {[%emt 0:00:04]} Kg7 {[%emt 0:00:03]} 26. Rxh5 {[%emt 0:00:04]} Rh8 {[%emt 0:00:01]} 27. Rxh8 {[%emt 0:00:05]} Rxh8 {[%emt 0:00:01]} 28. Re1 {[%emt 0:00:03]} Rh4 {[%emt 0:00:03]} 29. e5 {[%emt 0:00:03]} dxe5 {[%emt 0:00:01]} 30. Rxe5 {[%emt 0:00:05]} Rf4 {[%emt 0:00:10]} 31. Re2 {[%emt 0:00:03]} c6 {[%emt 0:00:06]} 32. h3 {[%emt 0:00:12]} Bc7 {[%emt 0:00:01]} 33. Qe3 {[%emt 0:00:04]} Bd6 {[%emt 0:00:17]} 34. Be4 {[%emt 0:00:02] Tvtower68 offers a draw} Rh4 {[%emt 0:00:06]} 35. Bf3 {[%emt 0:00:03]} Rh8 {[%emt 0:00:11]} 36. Qb6 {[%emt 0:00:01]} Qf4 {[%emt 0:00:04]} 37. Kf1 {[%emt 0:00:08]} Qc1+ {[%emt 0:00:05]} 38. Re1 {[%emt 0:00:02]} Qxc3 {[%emt 0:00:01]} 39. Qxb7 {[%emt 0:00:03]} Bb4 {[%emt 0:00:02]} 40. Rd1 {[%emt 0:00:06]} Re8 {[%emt 0:00:05]} 41. Kg1 {[%emt 0:00:03]} Re1+ {[%emt 0:00:02]} 42. Rxe1 {[%emt 0:00:01]} Qxe1+ {[%emt 0:00:01]} 43. Kh2 {[%emt 0:00:00]} Qxf2 {[%emt 0:00:01]} 44. Qxc6 {[%emt 0:00:02]} Bc5 {[%emt 0:00:04]} 45. Qd5 {[%emt 0:00:06]} Qg1+ {[%emt 0:00:02]} 46. Kg3 {[%emt 0:00:01]} Bf2+ {[%emt 0:00:02]} 47. Kg4 {[%emt 0:00:01]} f5+ {[%emt 0:00:01]} 48. Kf4 {[%emt 0:00:09]} Qc1+ {[%emt 0:00:02]} 49. Ke5 {[%emt 0:00:02]} Qe3+ {[%emt 0:00:05]} 50. Kd6 {[%emt 0:00:01]} Qb6+ {[%emt 0:00:04]} 51. Qc6 {[%emt 0:00:01]} Bg3+ {[%emt 0:00:03]} 52. Kd7 {[%emt 0:00:01]} Qd4+ {[%emt 0:00:03]} 53. Kc8 {[%emt 0:00:02]} Qf6 {[%emt 0:00:06]} 54. Qxf6+ {[%emt 0:00:01]} Kxf6 {[%emt 0:00:01]} 55. Kb7 {[%emt 0:00:01]} Be1 {[%emt 0:00:01]} 56. Ka6 {[%emt 0:00:00]} g5 {[%emt 0:00:01]} 57. Kb5 {[%emt 0:00:01]} Ke5 {[%emt 0:00:01]} 58. b4 {[%emt 0:00:01]} axb4 {[%emt 0:00:01] Time (Lag: Av=0.51s, max=1.0s)} 0-1

[Event "448. Wednesday (05.08.2020)"]
[Site "Official B"]
[Date "2020.08.05"]
[Round "9"]
[White "Legenda56"]
[Black "Schaumi"]
[Result "1-0"]
[WhiteElo "1857"]
[BlackElo "1771"]
[Annotator "NA"]
[PlyCount "47"]
[EventDate "2020.08.05"]
[EventType "swiss (blitz)"]

1. d4 {[%emt 0:00:04]} Nf6 {[%emt 0:00:44]} 2. Nf3 {[%emt 0:00:04]} e6 {[%emt 0:00:02]} 3. c4 {[%emt 0:00:01]} b6 {[%emt 0:00:01]} 4. a3 {[%emt 0:00:04]} Bb7 {[%emt 0:00:02]} 5. Nc3 {[%emt 0:00:01]} d5 {[%emt 0:00:05]} 6. e3 {[%emt 0:00:05]} Be7 {[%emt 0:00:02]} 7. Be2 {[%emt 0:00:02]} O-O {[%emt 0:00:02]} 8. O-O {[%emt 0:00:01]} Nbd7 {[%emt 0:00:03]} 9. b4 {[%emt 0:00:05]} dxc4 {[%emt 0:00:09]} 10. Bxc4 {[%emt 0:00:02]} c5 {[%emt 0:00:01]} 11. d5 {[%emt 0:00:13]} exd5 {[%emt 0:00:03]} 12. Nxd5 {[%emt 0:00:02]} Nxd5 {[%emt 0:00:02]} 13. Bxd5 {[%emt 0:00:01]} Bxd5 {[%emt 0:00:03]} 14. Qxd5 {[%emt 0:00:02]} cxb4 {[%emt 0:00:01]} 15. axb4 {[%emt 0:00:01]} Bxb4 {[%emt 0:00:05]} 16. Bb2 {[%emt 0:00:04]} Nf6 {[%emt 0:00:11]} 17. Qg5 {[%emt 0:00:04]} Be7 {[%emt 0:00:08]} 18. Rfd1 {[%emt 0:00:03]} Qc8 {[%emt 0:00:07]} 19. h3 {[%emt 0:00:04]} h6 {[%emt 0:00:17]} 20. Qh4 {[%emt 0:00:09]} Qf5 {[%emt 0:00:11]} 21. Rac1 {[%emt 0:00:08]} Rac8 {[%emt 0:00:13]} 22. Nd4 {[%emt 0:00:05]} Qg6 {[%emt 0:00:03]} 23. Nc6 {[%emt 0:00:12]} Bc5 {[%emt 0:00:09]} 24. Rxc5 {[%emt 0:00:06] Schaumi gibt auf (Lag: Av=0.41s, max=0.8s)} 1-0

[Event "448. Wednesday (05.08.2020)"]
[Site "Official B"]
[Date "2020.08.05"]
[Round "9"]
[White "Sonek"]
[Black "Dukic"]
[Result "0-1"]
[WhiteElo "1830"]
[BlackElo "1869"]
[Annotator "NA"]
[PlyCount "38"]
[EventDate "2020.08.05"]
[EventType "swiss (blitz)"]

1. d4 {[%emt 0:00:03]} c6 {[%emt 0:00:05]} 2. c4 {[%emt 0:00:04]} d6 {[%emt 0:00:01]} 3. Nc3 {[%emt 0:00:02]} Nd7 {[%emt 0:00:03]} 4. e4 {[%emt 0:00:02]} e5 {[%emt 0:00:01]} 5. Nf3 {[%emt 0:00:03]} Be7 {[%emt 0:00:01]} 6. Be3 {[%emt 0:00:02]} Ngf6 {[%emt 0:00:01]} 7. Qd2 {[%emt 0:00:01]} O-O {[%emt 0:00:01]} 8. h3 {[%emt 0:00:01]} a6 {[%emt 0:00:01]} 9. Be2 {[%emt 0:00:06]} b5 {[%emt 0:00:01]} 10. a3 {[%emt 0:00:16]} Bb7 {[%emt 0:00:06]} 11. O-O {[%emt 0:00:18]} Re8 {[%emt 0:00:20]} 12. Rfd1 {[%emt 0:00:14]} Bf8 {[%emt 0:00:20]} 13. d5 {[%emt 0:00:23]} cxd5 {[%emt 0:00:23]} 14. cxd5 {[%emt 0:00:02]} Rc8 {[%emt 0:00:06]} 15. Rac1 {[%emt 0:00:02]} Nc5 {[%emt 0:00:05]} 16. Qc2 {[%emt 0:00:19]} Ncxe4 {[%emt 0:00:04]} 17. Bf1 {[%emt 0:00:36]} Nxc3 {[%emt 0:00:05]} 18. bxc3 {[%emt 0:00:02]} Nxd5 {[%emt 0:00:02]} 19. Qd3 {[%emt 0:00:13]} e4 {[%emt 0:00:07] Sonek gibt auf (Lag: Av=0.42s, max=0.9s)} 0-1

[Event "448. Wednesday (05.08.2020)"]
[Site "Official B"]
[Date "2020.08.05"]
[Round "9"]
[White "Meini"]
[Black "Chesstiger9"]
[Result "1/2-1/2"]
[WhiteElo "1829"]
[BlackElo "1986"]
[PlyCount "112"]
[EventDate "2020.08.05"]
[EventType "swiss (blitz)"]

{- Volkov, Yuri} 1. d4 {[%emt 0:00:04]} g6 {[%emt 0:00:05]} 2. Bf4 {[%emt 0:00:02]} Bg7 {[%emt 0:00:02]} 3. e3 {[%emt 0:00:04]} Nf6 {[%emt 0:00:02]} 4. Nf3 {[%emt 0:00:02]} O-O {[%emt 0:00:01]} 5. Be2 {[%emt 0:00:06]} d6 {[%emt 0:00:01]} 6. O-O {[%emt 0:00:06]} Nfd7 {[%emt 0:00:05]} 7. c3 {[%emt 0:00:03]} e5 {[%emt 0:00:01]} 8. dxe5 {[%emt 0:00:02]} dxe5 {[%emt 0:00:01]} 9. Bg3 {[%emt 0:00:02]} Qe7 {[%emt 0:00:21]} 10. Nbd2 {[%emt 0:00:05]} f5 {[%emt 0:00:10]} 11. Qc2 {[%emt 0:00:02]} h6 {[%emt 0:00:08]} 12. h3 {[%emt 0:00:02]} g5 {[%emt 0:00:02]} 13. Rad1 {[%emt 0:00:11]} f4 {[%emt 0:00:03]} 14. Bc4+ {[%emt 0:00:09]} Kh8 {[%emt 0:00:02]} 15. exf4 {[%emt 0:00:01]} exf4 {[%emt 0:00:03]} 16. Bh2 {[%emt 0:00:01]} Nf6 {[%emt 0:00:07]} 17. Rfe1 {[%emt 0:00:02]} Qc5 {[%emt 0:00:07]} 18. Bb3 {[%emt 0:00:08]} Bf5 {[%emt 0:00:04]} 19. Qc1 {[%emt 0:00:08]} Nc6 {[%emt 0:00:02]} 20. Nc4 {[%emt 0:00:18]} Ne4 {[%emt 0:00:09]} 21. Nd4 {[%emt 0:00:10]} Nxd4 {[%emt 0:00:08]} 22. cxd4 {[%emt 0:00:03]} Qb5 {[%emt 0:00:22]} 23. f3 {[%emt 0:00:11]} Ng3 {[%emt 0:00:08]} 24. Ne5 {[%emt 0:00:12]} Rae8 {[%emt 0:00:09]} 25. Bxg3 {[%emt 0:00:06]} Bxe5 {[%emt 0:00:06]} 26. dxe5 {[%emt 0:00:03]} fxg3 {[%emt 0:00:08]} 27. Qxc7 {[%emt 0:00:10]} Rc8 {[%emt 0:00:02]} 28. Qd6 {[%emt 0:00:04]} Qb6+ {[%emt 0:00:23]} 29. Qxb6 {[%emt 0:00:11]} axb6 {[%emt 0:00:00]} 30. e6 {[%emt 0:00:05]} Rfe8 {[%emt 0:00:18]} 31. Rd7 {[%emt 0:00:14]} Bxe6 {[%emt 0:00:05]} 32. Rdd1 {[%emt 0:00:39]} Bxb3 {[%emt 0:00:02]} 33. axb3 {[%emt 0:00:02]} Rxe1+ {[%emt 0:00:06]} 34. Rxe1 {[%emt 0:00:02]} Rc2 {[%emt 0:00:03]} 35. Kf1 {[%emt 0:00:03]} Rxb2 {[%emt 0:00:02]} 36. Re8+ {[%emt 0:00:02]} Kg7 {[%emt 0:00:03]} 37. Re7+ {[%emt 0:00:00]} Kg6 {[%emt 0:00:01]} 38. Re6+ {[%emt 0:00:03]} Kg7 {[%emt 0:00:02]} 39. Rxb6 {[%emt 0:00:01]} Rb1+ {[%emt 0:00:02]} 40. Ke2 {[%emt 0:00:01]} Rg1 {[%emt 0:00:02]} 41. Rxb7+ {[%emt 0:00:04]} Kg6 {[%emt 0:00:01]} 42. Ke3 {[%emt 0:00:02]} Rxg2 {[%emt 0:00:01]} 43. f4 {[%emt 0:00:02]} Rh2 {[%emt 0:00:09]} 44. fxg5 {[%emt 0:00:03]} Kxg5 {[%emt 0:00:06]} 45. Kf3 {[%emt 0:00:07]} Rxh3 {[%emt 0:00:09]} 46. Rb5+ {[%emt 0:00:02]} Kf6 {[%emt 0:00:04]} 47. Kg2 {[%emt 0:00:01]} Rh4 {[%emt 0:00:03]} 48. Kxg3 {[%emt 0:00:01]} Rh1 {[%emt 0:00:01] Meini bietet Remis} 49. b4 {[%emt 0:00:02]} Ke6 {[%emt 0:00:02]} 50. Kg2 {[%emt 0:00:02]} Rh4 {[%emt 0:00:02]} 51. Rb6+ {[%emt 0:00:01]} Kd5 {[%emt 0:00:02]} 52. Kg3 {[%emt 0:00:01]} Rh1 {[%emt 0:00:01]} 53. Kg2 {[%emt 0:00:01]} Rh4 {[%emt 0:00:03]} 54. Kg3 {[%emt 0:00:01]} Rc4 {[%emt 0:00:03]} 55. Rxh6 {[%emt 0:00:02]} Rxb4 {[%emt 0:00:01]} 56. Rh5+ {[%emt 0:00:02]} Ke6 {[%emt 0:00:01] Meini bietet Remis (Lag: Av=0.60s, max=1.2s)} 1/2-1/2

[Event "448. Wednesday (05.08.2020)"]
[Site "Official B"]
[Date "2020.08.05"]
[Round "9"]
[White "Action26"]
[Black "Serrano2003"]
[Result "1-0"]
[WhiteElo "1820"]
[BlackElo "1388"]
[Annotator "NA"]
[PlyCount "51"]
[EventDate "2020.08.05"]
[EventType "swiss (blitz)"]

1. d4 {[%emt 0:00:02]} e6 {[%emt 0:00:05]} 2. c4 {[%emt 0:00:03]} d5 {[%emt 0:00:03]} 3. Nf3 {[%emt 0:00:03]} c6 {[%emt 0:00:02]} 4. Qc2 {[%emt 0:00:03]} Bd7 {[%emt 0:00:03]} 5. g3 {[%emt 0:00:03]} Nf6 {[%emt 0:00:03]} 6. Bg2 {[%emt 0:00:02]} Ne4 {[%emt 0:00:02]} 7. O-O {[%emt 0:00:04]} f5 {[%emt 0:00:01]} 8. Nbd2 {[%emt 0:00:04]} Nxd2 {[%emt 0:00:02]} 9. Bxd2 {[%emt 0:00:03]} Be7 {[%emt 0:00:01]} 10. Rac1 {[%emt 0:00:04]} Bf6 {[%emt 0:00:03]} 11. Rfd1 {[%emt 0:00:05]} O-O {[%emt 0:00:02]} 12. Bb4 {[%emt 0:00:08]} Be7 {[%emt 0:00:06]} 13. Bxe7 {[%emt 0:00:04]} Qxe7 {[%emt 0:00:02]} 14. Ne5 {[%emt 0:00:01]} Be8 {[%emt 0:00:02]} 15. Qb3 {[%emt 0:00:07]} b6 {[%emt 0:00:04]} 16. cxd5 {[%emt 0:00:06]} cxd5 {[%emt 0:00:02]} 17. Bxd5 {[%emt 0:00:08]} exd5 {[%emt 0:00:02]} 18. Qxd5+ {[%emt 0:00:03]} Kh8 {[%emt 0:00:02]} 19. Qxa8 {[%emt 0:00:02]} f4 {[%emt 0:00:08]} 20. Qxb8 {[%emt 0:00:09]} fxg3 {[%emt 0:00:02]} 21. hxg3 {[%emt 0:00:03]} Bc6 {[%emt 0:00:07]} 22. Qxf8+ {[%emt 0:00:10]} Qxf8 {[%emt 0:00:02]} 23. Rxc6 {[%emt 0:00:03]} h6 {[%emt 0:00:01]} 24. Ng6+ {[%emt 0:00:02]} Kg8 {[%emt 0:00:02]} 25. Nxf8 {[%emt 0:00:00]} Kxf8 {[%emt 0:00:01]} 26. Rc7 {[%emt 0:00:00] Serrano2003 rinde (Lag: Av=0.78s, max=1.2s)} 1-0

[Event "448. Wednesday (05.08.2020)"]
[Site "Official B"]
[Date "2020.08.05"]
[Round "9"]
[White "Cucufato"]
[Black "SyWolf777"]
[Result "1-0"]
[WhiteElo "1805"]
[BlackElo "1624"]
[Annotator "NA"]
[PlyCount "44"]
[EventDate "2020.08.05"]
[EventType "swiss (blitz)"]

1. d4 {[%emt 0:00:02]} d5 {[%emt 0:00:01]} 2. c4 {[%emt 0:00:00]} e6 {[%emt 0:00:01]} 3. Nf3 {[%emt 0:00:00]} Nf6 {[%emt 0:00:02]} 4. g3 {[%emt 0:00:01]} c6 {[%emt 0:00:02]} 5. Bg2 {[%emt 0:00:00]} Nbd7 {[%emt 0:00:02]} 6. Qc2 {[%emt 0:00:00]} Be7 {[%emt 0:00:02]} 7. Nbd2 {[%emt 0:00:00]} h6 {[%emt 0:00:01]} 8. O-O {[%emt 0:00:00]} O-O {[%emt 0:00:01]} 9. e4 {[%emt 0:00:00]} dxe4 {[%emt 0:00:02]} 10. Nxe4 {[%emt 0:00:00]} Nxe4 {[%emt 0:00:01]} 11. Qxe4 {[%emt 0:00:00]} Nf6 {[%emt 0:00:01]} 12. Qe2 {[%emt 0:00:00]} Re8 {[%emt 0:00:03]} 13. Rd1 {[%emt 0:00:00]} Qb6 {[%emt 0:00:07]} 14. Bf4 {[%emt 0:00:03]} c5 {[%emt 0:00:12]} 15. dxc5 {[%emt 0:00:04]} Qxc5 {[%emt 0:00:01]} 16. b3 {[%emt 0:00:07]} Bd7 {[%emt 0:00:07]} 17. Ne5 {[%emt 0:00:01]} Bc6 {[%emt 0:00:07]} 18. Nxc6 {[%emt 0:00:09]} bxc6 {[%emt 0:00:01]} 19. Be3 {[%emt 0:00:02]} Qe5 {[%emt 0:00:09]} 20. Bxc6 {[%emt 0:00:03]} Red8 {[%emt 0:00:02]} 21. Bxa8 {[%emt 0:00:04]} Rxa8 {[%emt 0:00:05]} 22. Qf3 {[%emt 0:00:05]} a5 {[%emt 0:00:12] SyWolf777 gibt auf (Lag: Av=0.39s, max=1.1s)} 1-0